LIBRARY & INFORMATION CENTRE, KCAET, TAVANUR

ONLINE PUBLIC ACCESS CATALOGUE (OPAC)

Foods : facts and principles / (Record no. 1500)

MARC details
000 -LEADER
fixed length control field 00533cam a2200205ua 4500
020 ## - INTERNATIONAL STANDARD BOOK NUMBER
ISBN 0-85226-731-2
041 ## - LANGUAGE CODE
Language code of text/sound track or separate title eng
082 ## - DEWEY DECIMAL CLASSIFICATION NUMBER
Classification number 664
Item number SHA/FO
100 ## - MAIN ENTRY--AUTHOR NAME
Personal name Shakuntala manay, N .
245 ## - TITLE STATEMENT
Title Foods : facts and principles /
250 ## - EDITION STATEMENT
Edition statement 1 /
260 ## - PUBLICATION, DISTRIBUTION, ETC. (IMPRINT)
Place of publication :
Name of publisher New Age International Ltd ,
Year of publication 1996.
300 ## - PHYSICAL DESCRIPTION
Number of Pages 524 ; .
700 1# - ADDED ENTRY--PERSONAL NAME
Personal name Shadaksharaswamy, M .
942 ## - ADDED ENTRY ELEMENTS (KOHA)
Koha item type Books
Holdings
Withdrawn status Lost status Damaged status Home library Current library Date acquired Full call number Accession Number Koha item type Source of acquisition
      KAUAET KAUAET 07/04/2012 664 19508 Books  
      KAUAET KAUAET 07/04/2012 664 21374 Books  
      KAUAET KAUAET 30/03/2013 664 SHA/FO 24042 Books Aman Book Stall, Calicut
free website counter